000 00967nam a2200241 a 4500
001 74650
003 BD-RjUL
005 20211209082601.0
008 181112s1988 bg ||||| b||| 001 0 ben d
035 _a(BD-RjUL)74868
040 _aBD-RjUL
_beng
_cBD-RjUL
_dBD-RjUL
041 _aben
082 _a320.01
_bALF 1988
_223
100 _aআলী, সৈয়দ মকসুুদ
_9117791
245 _aফরাসী বিপ্লবোত্তর রাষ্ট্রচিন্তা /
_cসৈয়দ মকসুুদ আলী
250 _a২য় সং.
260 _aঢাকা :
_bঢাকা বিশ্ববিদ্যালয়,
_c১৯৮৮
300 _a১৯৭ পৃ. ;
_c২২ সেমি.
504 _aগ্রন্থপঞ্জী ও নির্ঘন্ট সংযুক্ত ।
650 _aরাষ্ট্রবিজ্ঞান
_9117793
650 _aPolitical science
_9224848
942 _2ddc
_cBK
999 _c74650
_d74650